| 000 | 00806nam a2200205Ia 4500 | ||
|---|---|---|---|
| 001 | 15334 | ||
| 003 | GE_BSU | ||
| 008 | 181216s||||||||xx |||||||||||||| ||und|| | ||
| 040 | _cGE_BSU | ||
| 080 | _a82-93:821.353.1 | ||
| 245 | _aპატარა საუნჯე : ქართველ მწერალთა საბავშვო ნაწარმოებები 2 ტომად. ტ.2 | ||
| 245 | _cრედ.:ე.ვირსალაძე,ნ.ალანია | ||
| 260 | _aთბილისი | ||
| 260 | _bნაკადული | ||
| 260 | _c1962 | ||
| 300 | _a270გვ.22სმ. | ||
| 653 | _aპატარა საუნჯე | ||
| 653 | _aქართველ მწერალთა საბავშვო ნაწარმოებები | ||
| 942 | _cBK | ||
| 999 |
_c48442 _d48442 |
||